The Solution to the Financial Literacy Problem: What is the Answer? (Record no. 309850)
[ view plain ]
| 000 -LEADER | |
|---|---|
| fixed length control field | 00409nam a2200133Ia 4500 |
| 008 - FIXED-LENGTH DATA ELEMENTS--GENERAL INFORMATION | |
| fixed length control field | 170221s9999 xx 000 0 und d |
| 100 ## - MAIN ENTRY--PERSONAL NAME | |
| Personal name | Sharon M. Taylor |
| 245 #4 - TITLE STATEMENT | |
| Title | The Solution to the Financial Literacy Problem: What is the Answer? |
| 245 ## - TITLE STATEMENT | |
| Statement of responsibility, etc | Sharon M. Taylor and Suzanne Wagland |
| 260 ## - PUBLICATION, DISTRIBUTION, ETC. (IMPRINT) | |
| Date of publication, distribution, etc | June 2017 |
| 300 ## - PHYSICAL DESCRIPTION | |
| Extent | 9 : 1 |
| 650 ## - SUBJECT ADDED ENTRY--TOPICAL TERM | |
| General subdivision | Business |
| 856 ## - ELECTRONIC LOCATION AND ACCESS | |
| Uniform Resource Identifier | <a href="http://ro.uow.edu.au/aabfj/vol7/iss3/5/">http://ro.uow.edu.au/aabfj/vol7/iss3/5/</a> |
| Withdrawn status | Lost status | Damaged status | Home library | Current library | Date acquired | Total Checkouts | Date last seen | Price effective from | Koha item type |
|---|---|---|---|---|---|---|---|---|---|
| College Library | College Library | 02/21/2017 | 02/21/2017 | 02/21/2017 | Foreign e-journal articles |